|
|
|
|
| LEADER |
01087nam a2200253 a 4500 |
| 001 |
12839939 |
| 008 |
090715s2001 bg ab s 000 0 eng d |
| 010 |
|
|
|a 2002301611
|
| 020 |
|
|
|a 9847700036
|
| 040 |
|
|
|a DLC
|c DLC
|d DLC
|
| 082 |
0 |
0 |
|a 324.95492/05
|2 21
|
| 245 |
0 |
0 |
|a Voice through ballot :
|b election and people's perception /
|c [study coordinator, Mohiuddin Ahmad].
|
| 260 |
|
|
|a Dhaka :
|b Community Development Library,
|c 2001.
|
| 300 |
|
|
|a 80 p. :
|b ill., map ;
|c 22 cm.
|
| 520 |
|
|
|a Study conducted by Community Development Library, Dhaka, Bangladesh.
|
| 500 |
|
|
|a Includes statistical tables.
|
| 541 |
1 |
|
|e 00018821
|
| 650 |
|
0 |
|a Elections
|z Bangladesh.
|
| 651 |
|
0 |
|a Bangladesh
|x Politics and government
|y 1971-
|
| 700 |
1 |
|
|a Ahmad, Mohiuddin,
|d 1952-
|
| 710 |
2 |
|
|a Community Development Library (Dhaka, Bangladesh)
|
| 852 |
4 |
|
|a Ayesha Abed Library
|j General shelf.
|
| 999 |
|
|
|c 2483
|d 2483
|
| 952 |
|
|
|0 0
|1 0
|2 ddc
|4 0
|6 324_954920000000000_05_VOI
|7 0
|9 2298
|a BIGD
|b BIGD
|c GEN
|d 2009-07-15
|e BDI
|g 150.00
|l 0
|o 324.9549205 VOI
|p 3050018821
|r 2009-07-16
|t 1
|v 150.00
|w 2009-07-16
|y BK
|x Transfer from BDI to BIGD.
|